000
00335nam a2200145Ia 4500
005
20251222144743.0
008
251222s9999||||xx |||||||||||||| ||spa||
020
_a
9788588373310
082
_a
918.002/D11
100
_a
D´Lessio, Vito
245
0
_a
O Oficio do Fogo
250
_a
1ra.ed.
264
_b
Grupo Tejofran
942
_c
LIB
999
_c
19056
_d
19056